000 00434 a2200157 4500
001 169201
020 _a
040 _cMagnum
100 _aMeinel, Kurt
240 1 0 _aMotricidade i - teoria da motricidade esportiva sob o aspecto pedag.
_lpor
245 1 0 _aMotricidade i - teoria da motricidade esportiva sob o aspecto pedag.
362 0 _a1899
440 1 _aAo Livro Técnico
697 _aCIENCIAS MEDICAS SAUDE
942 _cBK
999 _c169201
_d169201